000 00791nam a2200241 i 4500
001 bgj
100 1 _aFRIEDLAND, Lewis A.
245 1 0 _aCovering the world :
_binternational television news services : essay /
_cessey by Lewis A. Friedland ; series editor Suzanne Charle.
260 _a[New York] :
_bA Twentieth Century Fund,
_ccop. 1992.
300 _a[IV], 61 pp ;
_c23 cm.
490 1 _aA Twentieth Century Fund Paper
504 _aBibliography p. 51-56.
505 _aIncludes index.
650 9 _aTelevision broadcasting of news
700 1 _aCharle, Suzanne.
_eseries editor
830 _aA Twentieth Century Fund Paper
020 _a0870783459
040 _cBPK
041 0 _aeng
920 _a0-87078-345-9
942 _cKS
008 s uk f |000 0 eng
999 _c47908
_d47908
856 _uhttp://koha.tu.koszalin.pl/cgi-bin/koha/opac-detail.pl?biblionumber=47908
_yKatalog online BPK